000 00581cam a2200193 4500500
005 20260405001754.0
041 _afre
042 _adc
100 1 0 _aFrancis, Matthew R.
_eauthor
245 0 0 _aVivons-nous dans une simulation?
260 _c2014.
500 _a83
690 _aMatthew R. Francis
690 _aNick Bostrom
690 _aSimulacre
690 _aSimulation
786 0 _nPhilosophie magazine | 81 | 7 | 2014-07-01 | p. 15-18 | 1951-1787
856 4 1 _uhttps://shs.cairn.info/magazine-philosophie-magazine-2014-7-page-15?lang=fr&redirect-ssocas=7080
999 _c2050942
_d2050942